Königreiche - Statistiken

Allgemein
  • Dieses Quiz wurde 281 mal gespielt
  • Das Durchschnittsergebnis liegt bei 9 aus 16
Antwortstatistiken
Königreiche % Korrekt
Schweden
93%
Niederlande
90%
Norwegen
88%
Spanien
85%
Dänemark
84%
Vereinigtes Königreich
73%
Thailand
65%
Saudi-Arabien
59%
Marokko
47%
Bhutan
44%
Jordanien
41%
Lesotho
40%
Bahrain
33%
Tonga
32%
Swasiland
31%
Kambodscha
25%
Keine übereinstimmenden Quizze gefunden
Verteilung der Resultate
Anzahl Personen mit jedem Resultat
Perzentil nach korrekt beantworteten Fragen
Ihre Resultats-Entwicklung
Sie haben dieses Quiz noch nicht gespielt